| 000 | 00434nam a2200193Ia 4500 | ||
|---|---|---|---|
| 005 | 20251020182540.0 | ||
| 008 | 200515s9999 xx 000 0 und d | ||
| 082 | _a728.71/U34/1977 | ||
| 100 | _aULSAMER PUIGGARI, Federico | ||
| 245 | 0 | _aComplementos del Chalet | |
| 260 | _aBarcelona | ||
| 260 | _c1977 | ||
| 300 | _a172 | ||
| 500 | _a1 ejemplar | ||
| 650 | _aLIB | ||
| 650 | _aPISCINAS | ||
| 650 | _aTERRAZAS | ||
| 942 | _cLIB | ||
| 999 |
_c2369 _d2369 |
||